| 000 | 00549nam a2200169Ia 4500 | ||
|---|---|---|---|
| 005 | 20250326141031.0 | ||
| 008 | 250326s9999 xx 000 0 und d | ||
| 037 | _aTextbook | ||
| 040 |
_aFMSL _beng _cFMSL |
||
| 041 |
_aeng _2eng |
||
| 084 |
_aX8(A):8.4 N9 _qFMSL |
||
| 100 |
_aKao H S R & Others _9743568 |
||
| 245 | 0 |
_aManagement and cultural values: indigenization of organization in Asia _cKao H S R & Others |
|
| 260 |
_aNew Delhi _bNew Delhi, Sage publications _c1999 |
||
| 942 |
_cTB _hX8(A):8.4 N9 |
||
| 999 |
_c1288394 _d1288394 |
||